000 00658nam a2200241 a 4500
001 nice12345678
003 IN_TiNIC
005 20260116013957.0
008 050524s1981 mica grp 000 0 eng
020 _a0310418
_c372.4
082 0 0 _a225.61
_bHOU
100 _aHouse, H Wayne
245 _aChronological and Background Charts of the New Testament
260 _aMichigan
_bZondervan Publishing House
_c1981
300 _a156p
500 _aincludes index and biblioraphy
505 2 _aAppendix, Index
650 _aBible N.T. Hand Books-Manuals Etc
700 1 _aHouse, H Wayne
902 _bSRS
942 _cBK
999 _c13344
_d13344